000 00586nam a2200205Ia 4500
003 GCL
008 140319s9999 xx 000 0 ara d
040 _aGCL /
_cGCL
082 0 4 _a375.001
_bا م
100 1 _aابراهيم بسيونى عميرة
245 1 0 _aالمنهج وعناصره /
_cابراهيم بسيونى عميرة
260 _a[S.N] :
_bدار المعارف ،
_c1991
300 _a306 ص
490 _a
650 0 4 _aالتعليم
650 0 4 _aالتربية
650 0 4 _aالمناهج
650 0 4 _aالتخطيط التربوى
942 _2ddc
_cBK
999 _c41582
_d41582